| 000 | 00540nam a2200169Ia 4500 | ||
|---|---|---|---|
| 008 | 140512s9999 xx 000 0 und d | ||
| 020 | _a9789718740325 | ||
| 050 |
_aLB 2353 _b.Al385 2014 |
||
| 100 | _aAlfarez, Merle S. | ||
| 245 |
_aMSA Reviewer for ACET and UPCAT : _bchallenging and almost real questions / _cMerle S. Alfarez |
||
| 260 |
_aQuezon City : _bMSA Publishing House, _cc2014. |
||
| 300 |
_a141 p. : _bill. ; _c23 cm. |
||
| 500 | _aAnswers keys. | ||
| 650 |
_aCollege _x Entrance Examination |
||
| 942 | _cBK | ||
| 999 |
_c116652 _d116652 |
||